000 00866nam a22003017a 4500
001 5156
003 FISKH
005 20250808144601.0
008 241108b cb ||||| |||| 00| 0 eng d
020 _a9780689878329
040 _aFISKH
_beng
_cFISKH
_dFISKH
050 _aPZ7.L9598
082 _a372.214
100 _aLow, Joseph
_d(1911–2007)
245 _aMice twice /
_cstory & pictures by Joseph Low
250 _a1980
260 _aNew York :
_bAladin,
_c1980.
300 _a28 pages :
_bColor illustrations ;
_c22 cm
505 _aN
520 _aA round of uneasy hospitality results when Mouse and Dog arrive at Cat's house for dinner.
521 8 _a530L
_bLexile
521 8 _aN
_bRaz-Plus
650 _2Animals
_aMice
650 _2Picture book
_aFantasy
700 _aLow, Joseph
_dIllustrator
942 _2ddc
_cBK
_n0
999 _c5156
_d5156